[Event "POL-ch Universities"]
[Site "Lublin"]
[Date "2024.02.24"]
[Round "6"]
[White "Szustakowski, Antoni"]
[Black "Smieszek, Wojciech"]
[Result "1-0"]
[WhiteElo "2354"]
[BlackElo "2130"]
[PlyCount "107"]
[EventDate "2024.02.23"]
[EventType "swiss"]
[EventRounds "9"]
[EventCountry "POL"]
[SourceTitle "CB10_2024"]
[SourceDate "2024.03.06"]
[SourceVersion "1"]
[SourceVersionDate "2024.03.06"]
[SourceQuality "1"]

1. d4 d5 2. c4 e6 3. Nc3 Nf6 4. Nf3 c6 5. e3 Be7 6. Qc2 0-0 7. Bd3 dxc4 8. Bxc4 a6 9. 0-0 b5 10. Be2 c5 11. dxc5 Nc6 12. a3 b4 13. Ne4 Bb7 14. Rd1 Qc7 15. Nd6 Nd7 16. Nxb7 Qxb7 17. Nd4 bxa3 18. Nxc6 Qxc6 19. Bf3 Qxc5 20. Qxc5 Nxc5 21. Bxa8 Nb3 22. Ra2 Nxc1 23. Rxc1 axb2 24. Rxb2 Ba3 25. Rb6 Bxc1 26. Rxa6 Bb2 27. g4 h6 28. Kg2 Bf6 29. Kg3 g5 30. Be4 Rc8 31. Ra7 Kg7 32. h3 Rc7 33. Ra5 Rc3 34. Kf3 Rc7 35. Rb5 Ra7 36. Rb8 Be5 37. Rc8 Rc7 38. Rd8 Bf6 39. Ra8 Be5 40. Ke2 Bf6 41. f4 gxf4 42. exf4 Rc3 43. Bd3 Rb3 44. Ra7 Rb2+ 45. Kf3 Rf2+ 46. Kg3 Rd2 47. Rd7 Ra2 48. h4 Ra3 49. g5 hxg5 50. hxg5 Be7 51. Kg4 Kf8 52. Be4 Ra4 53. Bc6 e5 54. Bxa4 1-0

[Event "POL-chT 1st League"]
[Site "Leba"]
[Date "2023.09.29"]
[Round "7.5"]
[White "Szustakowski, Antoni"]
[Black "Kistrup, Nicolai"]
[Result "1-0"]
[WhiteElo "2332"]
[BlackElo "2359"]
[PlyCount "67"]
[EventDate "2023.09.23"]
[EventType "team-swiss"]
[EventRounds "9"]
[EventCountry "POL"]
[SourceTitle "EXT 2024"]
[Source "ChessBase"]
[SourceDate "2023.10.10"]
[SourceVersion "1"]
[SourceVersionDate "2023.10.10"]
[SourceQuality "1"]
[WhiteTeam "Opole Rodlo"]
[BlackTeam "Gostynin Gostmat 83"]
[WhiteTeamCountry "POL"]
[BlackTeamCountry "POL"]

1. d4 Nf6 2. c4 g6 3. Nc3 d5 4. cxd5 Nxd5 5. e4 Nxc3 6. bxc3 Bg7 7. Bb5+ c6 8. Ba4 b5 9. Bb3 a5 10. Ne2 0-0 11. 0-0 a4 12. Bc2 Nd7 13. Ba3 Nb6 14. Ng3 Re8 15. e5 f6 16. h4 fxe5 17. h5 exd4 18. hxg6 dxc3 19. Qh5 h6 20. Rad1 Qc7 21. Rfe1 Nc4 22. Bc1 Nd2 23. Rxd2 cxd2 24. Bxd2 e5 25. Bxh6 Bxh6 26. Qxh6 Qg7 27. Qg5 Qe7 28. Qh5 Qg7 29. Qf3 Rf8 30. Qxc6 Qf6 31. Qxa8 Qxf2+ 32. Kh2 Qxe1 33. Qa7 Rf1 34. Qh7+ 1-0

[Event "POL-ch Universities"]
[Site "Bydgoszcz"]
[Date "2023.03.11"]
[Round "7"]
[White "Szustakowski, Antoni"]
[Black "Mis, Mieszko"]
[Result "1/2-1/2"]
[WhiteElo "2332"]
[BlackElo "2379"]
[PlyCount "53"]
[EventDate "2023.03.10"]
[EventType "swiss"]
[EventRounds "9"]
[EventCountry "POL"]
[SourceTitle "CBM 213 Extra"]
[Source "ChessBase"]
[SourceDate "2023.05.31"]
[SourceVersion "1"]
[SourceVersionDate "2023.05.31"]
[SourceQuality "1"]

1. d4 Nf6 2. c4 e6 3. Nf3 Bb4+ 4. Nbd2 b6 5. a3 Bxd2+ 6. Qxd2 Bb7 7. e3 d5 8. b3 0-0 9. Be2 dxc4 10. bxc4 c5 11. Bb2 Nbd7 12. 0-0 Qe7 13. a4 Rac8 14. Qc2 Rfd8 15. Rfd1 Nb8 16. Ne5 Nc6 17. Nxc6 Bxc6 18. a5 cxd4 19. Bxd4 e5 20. Bb2 Ne4 21. axb6 axb6 22. Bf3 Nd6 23. Bxc6 Rxc6 24. Ba3 Qc7 25. Bxd6 Rcxd6 26. Rxd6 Qxd6 27. h3 1/2-1/2

[Event "POL-chT 2nd League"]
[Site "Jastrzebia Gora"]
[Date "2022.09.10"]
[Round "8.12"]
[White "Szustakowski, Antoni"]
[Black "Sapis, Witalis"]
[Result "1/2-1/2"]
[WhiteElo "2311"]
[BlackElo "2378"]
[PlyCount "21"]
[EventDate "2022.09.03"]
[EventType "team-swiss"]
[EventRounds "9"]
[EventCountry "POL"]
[SourceTitle "CBM 210 Extra"]
[Source "ChessBase"]
[SourceDate "2022.11.30"]
[SourceVersion "1"]
[SourceVersionDate "2022.11.30"]
[SourceQuality "1"]
[WhiteTeam "Krakow Gens Una Sumus"]
[BlackTeam "Grzybowo GKSz Solny"]
[WhiteTeamCountry "POL"]
[BlackTeamCountry "POL"]

1. Nf3 d5 2. g3 Nf6 3. Bg2 c6 4. c4 Bf5 5. 0-0 e6 6. Qb3 Qb6 7. d3 Nbd7 8. cxd5 exd5 9. Qc2 Qc5 10. Qb3 Qb6 11. Qc2 1/2-1/2

[Event "Warsaw Maciei Memorial"]
[Site "Warsaw"]
[Date "2022.07.08"]
[Round "4"]
[White "Sacharewicz, Krzysztof"]
[Black "Szustakowski, Antoni"]
[Result "1-0"]
[WhiteElo "1832"]
[BlackElo "2267"]
[PlyCount "83"]
[EventDate "2022.07.08"]
[EventType "swiss (blitz)"]
[EventRounds "11"]
[EventCountry "POL"]
[SourceTitle "CBM 209 Extra"]
[Source "ChessBase"]
[SourceDate "2022.09.30"]
[SourceVersion "1"]
[SourceVersionDate "2022.09.30"]
[SourceQuality "1"]

1. d4 Nf6 2. Nf3 e6 3. g3 d5 4. Bg2 Be7 5. 0-0 0-0 6. c4 c6 7. Nbd2 b6 8. a4 Na6 9. a5 Bb7 10. Ne5 Nb4 11. e3 c5 12. Ndf3 Ne4 13. cxd5 exd5 14. Bd2 Ba6 15. axb6 Bxf1 16. b7 Rb8 17. Bxf1 Rxb7 18. Bxb4 cxb4 19. Qa4 Qd6 20. b3 Rc8 21. Qa6 Rbc7 22. Qe2 Rc2 23. Qe1 Nxf2 24. Ra6 Qd8 25. Rxa7 Ne4 26. Qa1 Bf6 27. Rd7 Qe8 28. Rxd5 Nc3 29. Ra5 Bxe5 30. Nxe5 Rc1 31. Qb2 Ne4 32. Qa2 f6 33. Nc4 Nc3 34. Qb2 Rb1 35. Qg2 Kh8 36. Qb7 Rxc4 37. bxc4 Qxe3+ 38. Kg2 Qd2+ 39. Kh3 Qh6+ 40. Kg2 Rb2+ 41. Kf3 g5 42. Ra8+ 1-0

[Event "Warsaw Maciei Memorial"]
[Site "Warsaw"]
[Date "2022.07.08"]
[Round "2"]
[White "Siekanska, Maria"]
[Black "Szustakowski, Antoni"]
[Result "1-0"]
[WhiteElo "1964"]
[BlackElo "2267"]
[PlyCount "117"]
[EventDate "2022.07.08"]
[EventType "swiss (blitz)"]
[EventRounds "11"]
[EventCountry "POL"]
[SourceTitle "CBM 209 Extra"]
[Source "ChessBase"]
[SourceDate "2022.09.30"]
[SourceVersion "1"]
[SourceVersionDate "2022.09.30"]
[SourceQuality "1"]

1. d4 Nf6 2. c4 e6 3. Nc3 Bb4 4. e3 0-0 5. Bd3 Re8 6. Nge2 d5 7. a3 Bf8 8. 0-0 b6 9. cxd5 exd5 10. b4 c6 11. Qc2 a5 12. Rb1 axb4 13. axb4 Na6 14. b5 Nb4 15. Qd2 c5 16. dxc5 bxc5 17. Rd1 Bb7 18. Nf4 Bd6 19. Nce2 Ra2 20. Rb2 Rxb2 21. Bxb2 Ne4 22. Bxe4 Rxe4 23. Nc3 Rxf4 24. exf4 d4 25. Ne2 Qf6 26. Nxd4 cxd4 27. Qxd4 Qxd4 28. Rxd4 Bf8 29. Rd7 Be4 30. b6 Na6 31. b7 Bxb7 32. Rxb7 Nc5 33. Rb8 Ne6 34. Ba3 g6 35. g4 f5 36. gxf5 gxf5 37. Bxf8 Nxf8 38. Rb5 Kg7 39. Rxf5 Ne6 40. Ra5 Nxf4 41. Kf1 Ne6 42. Kg2 Kf7 43. Kg3 Nd4 44. f4 Ne2+ 45. Kf3 Nd4+ 46. Ke4 Ne6 47. f5 Nd8 48. Ra7+ Kf6 49. Rxh7 Kg5 50. h4+ Kf6 51. Ra7 Nb7 52. Ra6+ Kf7 53. Ke5 Nc5 54. Ra7+ Kf8 55. Kf6 Ne4+ 56. Kg6 Ke8 57. f6 Nd6 58. f7+ Kf8 59. Ra8+ 1-0

[Event "Warsaw Maciei Memorial"]
[Site "Warsaw"]
[Date "2022.07.08"]
[Round "11"]
[White "Szustakowski, Antoni"]
[Black "Jedrusik, Adam"]
[Result "1-0"]
[WhiteElo "2267"]
[BlackElo "1960"]
[PlyCount "80"]
[EventDate "2022.07.08"]
[EventType "swiss (blitz)"]
[EventRounds "11"]
[EventCountry "POL"]
[SourceTitle "CBM 209 Extra"]
[Source "ChessBase"]
[SourceDate "2022.09.30"]
[SourceVersion "1"]
[SourceVersionDate "2022.09.30"]
[SourceQuality "1"]

1. Nf3 d5 2. g3 Bg4 3. Bg2 Nd7 4. d4 Ngf6 5. 0-0 e6 6. c4 c6 7. Nbd2 Be7 8. b3 h6 9. Bb2 0-0 10. Ne5 Nxe5 11. dxe5 Nd7 12. Re1 Qb8 13. Nf3 Bxf3 14. exf3 Rd8 15. Qe2 Nb6 16. cxd5 Nxd5 17. f4 Qc7 18. Rac1 Nb4 19. Rcd1 Nxa2 20. f5 Nb4 21. fxe6 fxe6 22. Bh3 Qc8 23. Qg4 Nd3 24. Qg6 Nxb2 25. Bxe6+ Kh8 26. Bxc8 Raxc8 27. Rxd8+ Rxd8 28. e6 Nd3 29. Re3 Nb4 30. Rf3 Nd5 31. Rf7 Rg8 32. Rxe7 Nxe7 33. Qf7 Nd5 34. e7 Nc7 35. f4 Ne8 36. g4 Nd6 37. Qe6 Ne8 38. g5 Kh7 39. Kf1 Nc7 40. Qf5+ Kh8 1-0

[Event "Warsaw Maciei Memorial"]
[Site "Warsaw"]
[Date "2022.07.08"]
[Round "7"]
[White "Szustakowski, Antoni"]
[Black "Paprocki, Jaroslaw"]
[Result "1-0"]
[WhiteElo "2267"]
[BlackElo "2165"]
[PlyCount "80"]
[EventDate "2022.07.08"]
[EventType "swiss (blitz)"]
[EventRounds "11"]
[EventCountry "POL"]
[SourceTitle "CBM 209 Extra"]
[Source "ChessBase"]
[SourceDate "2022.09.30"]
[SourceVersion "1"]
[SourceVersionDate "2022.09.30"]
[SourceQuality "1"]

1. Nf3 Nf6 2. g3 d5 3. Bg2 c5 4. d4 e6 5. 0-0 Be7 6. b3 0-0 7. Bb2 b6 8. c4 Bb7 9. Ne5 Qc7 10. cxd5 Bxd5 11. Bxd5 Nxd5 12. Nd2 cxd4 13. Bxd4 Nd7 14. Ndf3 Nxe5 15. Bxe5 Qb7 16. e4 Nf6 17. Bxf6 Bxf6 18. e5 Rfd8 19. Qe2 Be7 20. Rfd1 Rxd1+ 21. Rxd1 Rd8 22. Rxd8+ Bxd8 23. Qd3 Be7 24. Nd2 Qd5 25. Qxd5 exd5 26. f4 g5 27. fxg5 Bxg5 28. Nf3 Bc1 29. Kf1 f6 30. Ke2 fxe5 31. Nxe5 Kg7 32. Nd3 Ba3 33. Nf4 d4 34. Ne6+ Kf6 35. Nxd4 a6 36. Kd3 h5 37. Ke4 Bd6 38. Ne2 Kg5 39. Kf3 Bc5 40. Nf4 Kf5 1-0

[Event "Warsaw Maciei Memorial"]
[Site "Warsaw"]
[Date "2022.07.08"]
[Round "9"]
[White "Szustakowski, Antoni"]
[Black "Pedzich, Dominik"]
[Result "1-0"]
[WhiteElo "2267"]
[BlackElo "2373"]
[PlyCount "95"]
[EventDate "2022.07.08"]
[EventType "swiss (blitz)"]
[EventRounds "11"]
[EventCountry "POL"]
[SourceTitle "CBM 209 Extra"]
[Source "ChessBase"]
[SourceDate "2022.09.30"]
[SourceVersion "1"]
[SourceVersionDate "2022.09.30"]
[SourceQuality "1"]

1. Nf3 Nf6 2. g3 g6 3. Bg2 Bg7 4. 0-0 0-0 5. d4 d5 6. c4 c6 7. b3 Bf5 8. Bb2 a5 9. Nbd2 Ne4 10. Ne5 Nxd2 11. Qxd2 a4 12. Rac1 axb3 13. axb3 Ra2 14. Ra1 Rxa1 15. Rxa1 Bxe5 16. dxe5 dxc4 17. Qc3 Be6 18. bxc4 Na6 19. Ba3 Qd7 20. Bf3 Rd8 21. Rb1 Bh3 22. e3 Qf5 23. e4 Qd7 24. Bg2 Bxg2 25. Kxg2 Qd3 26. Qxd3 Rxd3 27. Bxe7 Rd7 28. Bd6 c5 29. Rb5 f6 30. Bxc5 fxe5 31. Be3 Rc7 32. Rxe5 Rxc4 33. Re7 Rc7 34. Rxc7 Nxc7 35. f4 Kf7 36. Kf3 h5 37. Ke2 Ke6 38. Kd3 Ne8 39. Bc5 Nf6 40. h3 Ne8 41. Kd4 Nf6 42. Ba3 b6 43. Bb4 b5 44. Ba3 Ne8 45. g4 hxg4 46. hxg4 Nf6 47. f5+ Kf7 48. g5 1-0

[Event "Krakow op-A"]
[Site "Krakow"]
[Date "2022.07.01"]
[Round "8"]
[White "Szustakowski, Antoni"]
[Black "Mikrut, Dariusz"]
[Result "1-0"]
[WhiteElo "2267"]
[BlackElo "2349"]
[PlyCount "63"]
[EventDate "2022.06.25"]
[EventType "swiss"]
[EventRounds "9"]
[EventCountry "POL"]
[SourceTitle "CBM 209 Extra"]
[Source "ChessBase"]
[SourceDate "2022.09.30"]
[SourceVersion "1"]
[SourceVersionDate "2022.09.30"]
[SourceQuality "1"]

1. d4 Nf6 2. c4 g6 3. Nc3 Bg7 4. e4 d6 5. Be2 0-0 6. Bg5 Na6 7. Qd2 Qe8 8. f3 c5 9. d5 e6 10. Bf4 e5 11. Be3 Nh5 12. Bd1 Nf4 13. g3 Nh5 14. Ba4 Qe7 15. Nge2 f5 16. exf5 gxf5 17. 0-0-0 Nc7 18. Rhg1 Bd7 19. Bxd7 Qxd7 20. g4 fxg4 21. fxg4 Nf4 22. Nxf4 exf4 23. Bxf4 b5 24. Bh6 bxc4 25. Qg5 Rae8 26. Rge1 Kh8 27. Bxg7+ Qxg7 28. Qxg7+ Kxg7 29. Re4 Rxe4 30. Nxe4 Nb5 31. a4 Rf4 32. Ng3 1-0

[Event "Krakow op-A"]
[Site "Krakow"]
[Date "2022.06.26"]
[Round "3"]
[White "Szustakowski, Antoni"]
[Black "Seemann, Jakub"]
[Result "0-1"]
[WhiteElo "2267"]
[BlackElo "2363"]
[PlyCount "164"]
[EventDate "2022.06.25"]
[EventType "swiss"]
[EventRounds "9"]
[EventCountry "POL"]
[SourceTitle "CBM 209 Extra"]
[Source "ChessBase"]
[SourceDate "2022.09.30"]
[SourceVersion "1"]
[SourceVersionDate "2022.09.30"]
[SourceQuality "1"]

1. d4 Nf6 2. c4 e6 3. Nf3 d5 4. e3 b6 5. b3 Bb7 6. Bd3 Nbd7 7. 0-0 Bd6 8. Bb2 0-0 9. Nc3 c5 10. cxd5 exd5 11. Rc1 Re8 12. Ne2 Qe7 13. Ng3 g6 14. Re1 Ne4 15. Bb5 Rad8 16. dxc5 bxc5 17. Nxe4 dxe4 18. Nd2 a6 19. Bxd7 Rxd7 20. Qc2 Bxh2+ 21. Kxh2 Qd6+ 22. Kg1 Qxd2 23. Ba3 c4 24. Qxc4 Qxa2 25. Ra1 Qd2 26. Rad1 Qxd1 27. Rxd1 Rxd1+ 28. Kh2 Rd5 29. Qc7 Rb5 30. Qd7 Ra8 31. Bb2 Rxb3 32. Qd4 Rxb2 33. Qxb2 Bc6 34. Qb6 Bb5 35. Kg3 Re8 36. Kf4 h6 37. f3 Bf1 38. Kg3 exf3 39. gxf3 Rc8 40. Kf4 Be2 41. Kg3 Bb5 42. Kf4 Rc4+ 43. Ke5 Rc6 44. Qd8+ Kg7 45. e4 Be2 46. f4 Re6+ 47. Kd4 Bf3 48. e5 Bg4 49. Kc4 Bf5 50. Kb4 Rc6 51. Ka5 Bg4 52. Kb4 Be2 53. Kb3 h5 54. Kb2 Bg4 55. Kb3 Be6+ 56. Kb2 Rc4 57. Qf6+ Kg8 58. Ka3 a5 59. Qd8+ Kh7 60. Qg5 Rc2 61. Ka4 Ra2+ 62. Kb5 a4 63. Qg1 Re2 64. Kxa4 Re4+ 65. Ka3 Rxf4 66. Kb2 Rf5 67. Qh2 Kh6 68. Kc3 g5 69. Kd4 h4 70. Ke4 Kh5 71. Qd2 h3 72. Qd1+ g4 73. Qd8 g3 74. Qd1+ Kg6 75. Qd8 g2 76. Qh8 Rg5 77. Kf4 Rg4+ 78. Kf3 g1Q 79. Qg8+ Kf5 80. Qh7+ Kxe5 81. Qe4+ Kf6 82. Qd4+ Qxd4 0-1

[Event "Chylice"]
[Site "Chylice"]
[Date "2022.05.10"]
[Round "7"]
[White "Nowak, Lukasz1111"]
[Black "Szustakowski, Antoni"]
[Result "1-0"]
[WhiteElo "2343"]
[BlackElo "2273"]
[PlyCount "97"]
[EventDate "2022.03.22"]
[EventType "tourn"]
[EventRounds "7"]
[EventCountry "POL"]
[EventCategory "2"]
[SourceTitle "EXT 2023"]
[Source "ChessBase"]
[SourceDate "2022.10.05"]
[SourceVersion "1"]
[SourceVersionDate "2022.10.05"]
[SourceQuality "1"]

1. d4 Nf6 2. c4 e6 3. Nf3 d5 4. Nc3 Be7 5. Bf4 0-0 6. e3 b6 7. cxd5 Nxd5 8. Nxd5 Qxd5 9. Be2 Bb7 10. 0-0 c5 11. dxc5 Bxc5 12. a3 Be7 13. Rc1 Bf6 14. Qc2 e5 15. Rfd1 Qe6 16. Bg5 Nc6 17. Bc4 Qe7 18. Bxf6 Qxf6 19. Bd5 Rad8 20. Qe4 Ba8 21. Bxc6 Bxc6 22. Qxe5 Rxd1+ 23. Rxd1 Qg6 24. Ne1 h6 25. Qe7 Ba4 26. Rd8 Rxd8 27. Qxd8+ Kh7 28. Qd3 Qxd3 29. Nxd3 Bb5 30. Nb4 Kg6 31. e4 Kf6 32. f4 g5 33. g3 gxf4 34. gxf4 Ke6 35. Kf2 a5 36. Nc2 Kd6 37. Nd4 Bd7 38. b4 axb4 39. axb4 Bc8 40. Ke3 f6 41. Nb5+ Kd7 42. Kd4 Bb7 43. Nc3 Ke6 44. Na4 f5 45. e5 Kd7 46. Nxb6+ Kc6 47. Nc4 Bc8 48. b5+ Kc7 49. Kc5 1-0

[Event "Chylice"]
[Site "Chylice"]
[Date "2022.04.26"]
[Round "6"]
[White "Szustakowski, Antoni"]
[Black "Rozycki, Bartlomiej"]
[Result "1-0"]
[WhiteElo "2273"]
[BlackElo "2219"]
[PlyCount "55"]
[EventDate "2022.03.22"]
[EventType "tourn"]
[EventRounds "7"]
[EventCountry "POL"]
[EventCategory "2"]
[SourceTitle "EXT 2023"]
[Source "ChessBase"]
[SourceDate "2022.10.05"]
[SourceVersion "1"]
[SourceVersionDate "2022.10.05"]
[SourceQuality "1"]

1. Nf3 e6 2. g3 b6 3. Bg2 Bb7 4. 0-0 Nf6 5. c4 Be7 6. Nc3 0-0 7. Re1 d5 8. cxd5 exd5 9. d4 c5 10. Bf4 Nc6 11. Rc1 c4 12. b3 cxb3 13. Qxb3 Rc8 14. Qa4 Na5 15. Ne5 Ne4 16. Nxe4 dxe4 17. Rxc8 Qxc8 18. Rc1 Qe6 19. Bd2 f6 20. Bxa5 fxe5 21. Bc3 exd4 22. Bxd4 a6 23. Rc7 b5 24. Qa3 Bf6 25. Bh3 Qd5 26. Bxf6 Rxf6 27. Qe7 Qd1+ 28. Bf1 1-0

[Event "Chylice"]
[Site "Chylice"]
[Date "2022.04.12"]
[Round "4"]
[White "Szustakowski, Antoni"]
[Black "Chomczyk, Marek"]
[Result "1/2-1/2"]
[WhiteElo "2273"]
[BlackElo "2264"]
[PlyCount "119"]
[EventDate "2022.03.22"]
[EventType "tourn"]
[EventRounds "7"]
[EventCountry "POL"]
[EventCategory "2"]
[SourceTitle "EXT 2023"]
[Source "ChessBase"]
[SourceDate "2022.10.05"]
[SourceVersion "1"]
[SourceVersionDate "2022.10.05"]
[SourceQuality "1"]

1. d4 Nf6 2. c4 c5 3. d5 b5 4. cxb5 a6 5. f3 axb5 6. e4 Qa5+ 7. Bd2 b4 8. Na3 d6 9. Nc4 Qd8 10. a3 e6 11. Ne3 exd5 12. exd5 Be7 13. axb4 Rxa1 14. Qxa1 cxb4 15. Bc4 0-0 16. Ne2 Qb6 17. Qa4 Re8 18. Qxb4 Bd8 19. Qxb6 Bxb6 20. Kf2 Ba6 21. b3 Bxc4 22. bxc4 Nbd7 23. Rb1 Bc5 24. Nc3 Nb6 25. Kf1 Bxe3 26. Bxe3 Nxc4 27. Bf4 h6 28. Re1 Rc8 29. Nb5 Nxd5 30. Nxd6 Nxd6 31. Bxd6 f6 32. Bg3 Kf7 33. Bf2 Rb8 34. g3 g5 35. Rd1 Rb5 36. Rd2 h5 37. Kg2 Ke6 38. Re2+ Kf5 39. Rd2 Ne7 40. Re2 Nc6 41. Rc2 Ne5 42. Bd4 Nd7 43. Rd2 Nf8 44. Re2 Rd5 45. Bc3 Rd3 46. Bb2 Nd7 47. Rc2 Nb6 48. Kf2 Nd5 49. Ke2 Rb3 50. Rd2 Nb4 51. Bd4 g4 52. fxg4+ hxg4 53. Rb2 Rxb2+ 54. Bxb2 Nc6 55. Bxf6 Kxf6 56. Kf2 Nd4 57. Kg2 Nf5 58. h3 gxh3+ 59. Kxh3 Nxg3 60. Kxg3 1/2-1/2

[Event "Warsaw op-A"]
[Site "Warsaw"]
[Date "2021.07.23"]
[Round "5"]
[White "Dwilewicz, Katarzyna"]
[Black "Szustakowski, Antoni"]
[Result "0-1"]
[WhiteElo "2082"]
[BlackElo "2260"]
[PlyCount "102"]
[EventDate "2021.07.19"]
[EventType "swiss"]
[EventRounds "9"]
[EventCountry "POL"]
[SourceTitle "CBM 203 Extra"]
[Source "ChessBase"]
[SourceDate "2021.09.30"]
[SourceVersion "1"]
[SourceVersionDate "2021.09.30"]
[SourceQuality "1"]

1. e4 Nc6 2. d4 d5 3. Nc3 dxe4 4. d5 Nb8 5. Nxe4 c6 6. Bc4 cxd5 7. Qxd5 Qxd5 8. Bxd5 e6 9. Bc4 Bd7 10. Nf3 Bc6 11. Bd3 Nf6 12. Nc3 Bxf3 13. gxf3 Nc6 14. Be3 Bb4 15. Ke2 Bxc3 16. bxc3 Nd5 17. Rhg1 Nxe3 18. fxe3 g6 19. Be4 Rc8 20. Rab1 b6 21. Bxc6+ Rxc6 22. Rb3 0-0 23. Rd1 Rfc8 24. Rd3 Kf8 25. Ra3 R8c7 26. Kd2 Ke7 27. Ra4 Rc4 28. Rxc4 Rxc4 29. Rd4 Rc5 30. h4 h5 31. Ra4 a5 32. Kd3 Kd6 33. Rd4+ Ke7 34. Ra4 e5 35. f4 f6 36. Re4 Ke6 37. a4 f5 38. Rxe5+ Rxe5 39. fxe5 Kxe5 40. c4 f4 41. exf4+ Kxf4 42. Kd4 g5 43. hxg5 Kxg5 44. Kd5 h4 45. Kc6 h3 46. Kxb6 h2 47. c5 h1Q 48. c4 Qa8 49. c6 Kf6 50. c7 Ke7 51. c5 Kd7 0-1

[Event "Warsaw op-A"]
[Site "Warsaw"]
[Date "2021.07.21"]
[Round "3"]
[White "Lewtak, Damian"]
[Black "Szustakowski, Antoni"]
[Result "1/2-1/2"]
[WhiteElo "2380"]
[BlackElo "2260"]
[PlyCount "83"]
[EventDate "2021.07.19"]
[EventType "swiss"]
[EventRounds "9"]
[EventCountry "POL"]
[SourceTitle "CBM 203 Extra"]
[Source "ChessBase"]
[SourceDate "2021.09.30"]
[SourceVersion "1"]
[SourceVersionDate "2021.09.30"]
[SourceQuality "1"]

1. c4 e6 2. d4 Nf6 3. Nf3 d5 4. g3 dxc4 5. Qa4+ Nbd7 6. Bg2 a6 7. Qxc4 b5 8. Qc2 Bb7 9. 0-0 c5 10. a4 b4 11. a5 Rc8 12. dxc5 Bxc5 13. Qd1 e5 14. Ne1 Qc7 15. Nd2 0-0 16. Nb3 Rfd8 17. Nxc5 Nxc5 18. Qc2 Bxg2 19. Nxg2 Qb7 20. Be3 b3 21. Qb1 Ne6 22. Qf5 Qb5 23. f4 Rd5 24. fxe5 Rxe5 25. Qd3 Qxd3 26. exd3 Rc2 27. d4 Re4 28. Ra3 Ng4 29. Rxb3 Rxg2+ 30. Kxg2 Nxe3+ 31. Kf3 Ng5+ 32. Kf2 Nh3+ 33. Kf3 Ng5+ 34. Kf2 Ng4+ 35. Kg1 h5 36. h4 Nh3+ 37. Kg2 Re2+ 38. Kf3 Rd2 39. Ke4 Nf6+ 40. Ke3 Rg2 41. Kf3 Rd2 42. Ke3 1/2-1/2

[Event "Warsaw op-A"]
[Site "Warsaw"]
[Date "2021.07.20"]
[Round "2"]
[White "Szustakowski, Antoni"]
[Black "Harazinska, Magdalena"]
[Result "1-0"]
[WhiteElo "2260"]
[BlackElo "2034"]
[PlyCount "75"]
[EventDate "2021.07.19"]
[EventType "swiss"]
[EventRounds "9"]
[EventCountry "POL"]
[SourceTitle "CBM 203 Extra"]
[Source "ChessBase"]
[SourceDate "2021.09.30"]
[SourceVersion "1"]
[SourceVersionDate "2021.09.30"]
[SourceQuality "1"]

1. b3 c5 2. Bb2 Nc6 3. e3 e6 4. Nf3 Nf6 5. c4 Be7 6. Be2 0-0 7. 0-0 b6 8. d4 cxd4 9. Nxd4 Nxd4 10. Qxd4 Bb7 11. Nc3 Bc5 12. Qd3 Qe7 13. e4 d5 14. cxd5 exd5 15. exd5 Nxd5 16. Nxd5 Bxd5 17. Qg3 f5 18. Rae1 Bb4 19. Bc4 Bxe1 20. Bxd5+ Kh8 21. Bxa8 Rxa8 22. Bxg7+ Qxg7 23. Rxe1 Qxg3 24. hxg3 Rc8 25. f3 Rc7 26. Re5 Rf7 27. Kf2 Kg7 28. Ke3 Rc7 29. Rd5 Kg6 30. Kf4 Rf7 31. a4 Rf6 32. Rd7 a5 33. Ke5 h5 34. Rd6 Rxd6 35. Kxd6 Kg5 36. Ke5 f4 37. gxf4+ Kh4 38. g4 1-0

[Event "POL-chT Academic"]
[Site "Chorzow"]
[Date "2021.05.16"]
[Round "8.7"]
[White "Leniart, Arkadiusz"]
[Black "Szustakowski, Antoni"]
[Result "1-0"]
[WhiteElo "2499"]
[BlackElo "2260"]
[PlyCount "51"]
[EventDate "2021.05.15"]
[EventType "team-swiss (rapid)"]
[EventRounds "9"]
[EventCountry "POL"]
[SourceTitle "CBM 202 Extra"]
[Source "ChessBase"]
[SourceDate "2021.07.31"]
[SourceVersion "1"]
[SourceVersionDate "2021.07.31"]
[SourceQuality "1"]
[WhiteTeam "Warsaw Univ"]
[BlackTeam "Warsaw Politechnik"]
[WhiteTeamCountry "POL"]
[BlackTeamCountry "POL"]

1. d4 Nf6 2. c4 e6 3. Nc3 d5 4. cxd5 Nxd5 5. e4 Nxc3 6. bxc3 c5 7. Nf3 cxd4 8. cxd4 Bb4+ 9. Bd2 Bxd2+ 10. Qxd2 0-0 11. Bc4 Nd7 12. 0-0 b6 13. Rad1 Bb7 14. Rfe1 Nf6 15. Bd3 h6 16. Bb1 Re8 17. Qd3 Nh7 18. d5 exd5 19. e5 Nf8 20. Nd4 Qg5 21. Nf5 d4 22. g3 Rad8 23. Nd6 Re7 24. Qxd4 Qh5 25. Be4 Qxe5 26. Bh7+ 1-0

[Event "POL-chT Academic"]
[Site "Chorzow"]
[Date "2021.05.15"]
[Round "5.13"]
[White "Lewicki, Miroslaw"]
[Black "Szustakowski, Antoni"]
[Result "0-1"]
[WhiteElo "2348"]
[BlackElo "2260"]
[PlyCount "56"]
[EventDate "2021.05.15"]
[EventType "team-swiss (rapid)"]
[EventRounds "9"]
[EventCountry "POL"]
[SourceTitle "CBM 202 Extra"]
[Source "ChessBase"]
[SourceDate "2021.07.31"]
[SourceVersion "1"]
[SourceVersionDate "2021.07.31"]
[SourceQuality "1"]
[WhiteTeam "Krakow Gorniczo Hutnicza Acad"]
[BlackTeam "Warsaw Politechnik"]
[WhiteTeamCountry "POL"]
[BlackTeamCountry "POL"]

1. b3 a5 2. a4 Nf6 3. Bb2 e6 4. g3 Be7 5. Bg2 0-0 6. e4 d5 7. e5 Nfd7 8. Ne2 c5 9. 0-0 Nc6 10. f4 f6 11. exf6 Nxf6 12. d4 cxd4 13. Nxd4 Bc5 14. Kh1 Qb6 15. Nb5 Bd7 16. Nd2 Rae8 17. Qe2 Kh8 18. Rad1 e5 19. fxe5 Ng4 20. Nc4 Qd8 21. Bxd5 Rf2 22. Nbd6 Ref8 23. Rxf2 Nxf2+ 24. Qxf2 Rxf2 25. e6 Be8 26. Ne4 Rf5 27. Nxc5 Rxd5 28. Rf1 Rd1 0-1

[Event "POL-chT Academic"]
[Site "Chorzow"]
[Date "2021.05.15"]
[Round "4.7"]
[White "Szustakowski, Antoni"]
[Black "Janik, Igor"]
[Result "0-1"]
[WhiteElo "2260"]
[BlackElo "2495"]
[PlyCount "104"]
[EventDate "2021.05.15"]
[EventType "team-swiss (rapid)"]
[EventRounds "9"]
[EventCountry "POL"]
[SourceTitle "CBM 202 Extra"]
[Source "ChessBase"]
[SourceDate "2021.07.31"]
[SourceVersion "1"]
[SourceVersionDate "2021.07.31"]
[SourceQuality "1"]
[WhiteTeam "Warsaw Politechnik"]
[BlackTeam "Warsaw Kozminski Academy"]
[WhiteTeamCountry "POL"]
[BlackTeamCountry "POL"]

1. d4 Nf6 2. c4 e6 3. Nf3 b6 4. a3 Bb7 5. Bf4 Be7 6. e3 Nh5 7. Bg3 d6 8. Bd3 Nd7 9. Nc3 g6 10. 0-0 0-0 11. Nd2 f5 12. Be2 Nxg3 13. hxg3 e5 14. d5 e4 15. Nb3 Bf6 16. Nd4 Qe7 17. b4 h5 18. Rc1 Rf7 19. Ne6 h4 20. gxh4 Bxc3 21. Rxc3 Qxh4 22. g3 Qh8 23. Qd4 Ne5 24. Ng5 Re7 25. Kg2 Qh6 26. Nh3 Nf3 27. Bxf3 exf3+ 28. Kh2 g5 29. Rh1 Qxh3+ 30. Kxh3 Rh7+ 31. Qh4 gxh4 32. gxh4 Kf7 33. Kg3 Rg8+ 34. Kxf3 Rg4 35. Ke2 Rhxh4 36. Rxh4 Rxh4 37. Kd3 Rh1 38. f4 Ra1 39. Kc2 Kf6 40. Kb2 Re1 41. b5 Re2+ 42. Kb3 a5 43. a4 Bc8 44. Rd3 Bd7 45. Kc3 Be8 46. Kb3 Bh5 47. Rc3 Bf3 48. Ka3 Be4 49. Kb3 Re1 50. Ka3 Kg6 51. Kb3 Kh5 52. Ka3 Kg4 0-1